000
00261nam a22001217a 4500
008
170303b xxu||||| |||| 00| 0 eng d
041
_a
eng
080
_a
575
100
_a
6
101
_a
SHM
245
_a
GENETICS AND DEVELOPMENT
_c
SANG.J.H
942
_2
udc
_c
BK
999
_c
6764
_d
6764